بحيرة الأوزة البرية / (رقم التسجيلة. 42296)
[ عرض عادي ]
| 000 -LEADER | |
|---|---|
| fixed length control field | 00647nam a22002057a 4500 |
| 005 - DATE AND TIME OF LATEST TRANSACTION | |
| control field | 20251108170518.0 |
| 008 - FIXED-LENGTH DATA ELEMENTS--GENERAL INFORMATION | |
| fixed length control field | 250721s1998 xx 000 0 ara d |
| 082 14 - DEWEY DECIMAL CLASSIFICATION NUMBER | |
| Classification number | ط/ق/بحي |
| 100 1# - MAIN ENTRY--PERSONAL NAME | |
| Personal name | إبراهيم، سكينة |
| Relator term | مترجم |
| 245 10 - TITLE STATEMENT | |
| Title | بحيرة الأوزة البرية / |
| 264 1# - PRODUCTION, PUBLICATION, DISTRIBUTION, MANUFACTURE, AND COPYRIGHT NOTICE | |
| Place of production, publication, distribution, manufacture | ستوكهولم : |
| Name of producer, publisher, distributor, manufacturer | دار المني، |
| Date of production, publication, distribution, manufacture, or copyright notice | 1998. |
| 300 ## - PHYSICAL DESCRIPTION | |
| Extent | 28ص : مصور |
| 650 17 - SUBJECT ADDED ENTRY--TOPICAL TERM | |
| Topical term or geographic name as entry element | القصص العربية |
| 650 17 - SUBJECT ADDED ENTRY--TOPICAL TERM | |
| Topical term or geographic name as entry element | الأدب العربي |
| 650 17 - SUBJECT ADDED ENTRY--TOPICAL TERM | |
| Topical term or geographic name as entry element | أدب الأطفال |
| 653 ## - INDEX TERM--UNCONTROLLED | |
| Uncontrolled term | أطفال مرحلة متوسطة (6-9) سنوات |
| 700 1# - ADDED ENTRY--PERSONAL NAME | |
| Personal name | نيغرين، تورد |
| 942 ## - ADDED ENTRY ELEMENTS (KOHA) | |
| Source of classification or shelving scheme | Dewey Decimal Classification |
| Koha item type | كتب |
| حالة السحب | حالة الفقدان | مصدر التصنيف | حالة التلف | غير قابل للإعارة | المكتبة الرئيسية | المكتبة الحالية | موقع الرف | تاريخ التزويد | الرقم المتسلسل | Total Checkouts | رقم الإستدعاء | تاريخ آخر ظهور | تاريخ الفاتورة | نوع المادة (كوها) | الباركود |
|---|---|---|---|---|---|---|---|---|---|---|---|---|---|---|---|
| Dewey Decimal Classification | Unchecked | مكتبة أم قصير والمقابلين العامة | مكتبة أم قصير والمقابلين العامة | الأطفال | 06/07/2004 | 4566 | ط/ق/بحي | 28/07/2025 | 06/07/2004 | كتب | |||||
| Dewey Decimal Classification | Unchecked | مكتبة الأميرة ايمان العامة | مكتبة الأميرة ايمان العامة | الأطفال | 06/07/2004 | 2867 | ط/ق/بحي | 28/07/2025 | 06/07/2004 | كتب | |||||
| Dewey Decimal Classification | Unchecked | مكتبة الاميرة بديعة | مكتبة الاميرة بديعة | الأطفال | 06/07/2004 | 5231 | ط/ق/بحي | 28/07/2025 | 06/07/2004 | كتب | |||||
| Dewey Decimal Classification | Unchecked | مكتبة الجويدة | مكتبة الجويدة | الأطفال | 06/07/2004 | 2601 | ط/ق/بحي | 28/07/2025 | 06/07/2004 | كتب | |||||
| Dewey Decimal Classification | Unchecked | مكتبة الحسن العامة | مكتبة الحسن العامة | الأطفال | 06/07/2004 | 4735 | ط/ق/بحي | 28/07/2025 | 06/07/2004 | كتب | |||||
| Dewey Decimal Classification | Unchecked | مكتبة النصر العامة | مكتبة النصر العامة | الأطفال | 06/07/2004 | 5520 | ط/ق/بحي | 28/07/2025 | 06/07/2004 | كتب | |||||
| Dewey Decimal Classification | مكتبة بدر الجديدة للأطفال | مكتبة بدر الجديدة للأطفال | الأطفال | 14/11/2015 | 1618411 | ط/ق/بحي | 28/07/2025 | 14/11/2015 | كتب | PLD00364454 | |||||
| Dewey Decimal Classification | Unchecked | مكتبة حمزة العامة | مكتبة حمزة العامة | الأطفال | 06/07/2004 | 3255 | ط/ق/بحي | 28/07/2025 | 06/07/2004 | كتب | |||||
| Dewey Decimal Classification | مكتبة حمزة العامة | مكتبة حمزة العامة | الأطفال | 14/05/2018 | 1668901 | ط/ق/بحي | 28/07/2025 | 14/05/2018 | كتب | PLD00421054 | |||||
| Dewey Decimal Classification | Unchecked | مكتبة صويلح العامة | مكتبة صويلح العامة | الأطفال | 06/07/2004 | 6572 | ط/ق/بحي | 28/07/2025 | 06/07/2004 | كتب | |||||
| Dewey Decimal Classification | Unchecked | مكتبة وادي السير العامة | مكتبة وادي السير العامة | الأطفال | 06/07/2004 | 2993 | ط/ق/بحي | 28/07/2025 | 06/07/2004 | كتب |